书目信息 |
| 题名: |
地理模拟系统:元胞自动机与多智能体
|
|
| 作者: | 黎夏 编 | |
| 分册: | ||
| 出版信息: | 北京 科学出版社 2007.50 |
|
| 页数: | ||
| 开本: | 16开 | |
| 丛书名: | ||
| 单 册: | ||
| 中图分类: | TP23 | |
| 科图分类: | ||
| 主题词: | 自动化装置 , 自动化设备 | |
| 电子资源: | ||
| ISBN: | 978-7-03-018815-1 | |
| 000 | 00580nam0 2200193 450 | |
| 001 | 0736196517 | |
| 005 | 20070924100316.51 | |
| 010 | @a978-7-03-018815-1@d¥49.00 | |
| 100 | @a20070924d km y0chiy0120 ea | |
| 101 | 0 | @achi |
| 200 | 1 | @a地理模拟系统:元胞自动机与多智能体@Adi li mo ni xi tong:yuan bao zi dong ji yu duo zhi neng ti@f黎夏 等编@Fli xia deng bian |
| 210 | @a北京@c科学出版社@d2007.50 | |
| 215 | @d16开 | |
| 606 | 0 | @a自动化装置 |
| 606 | 0 | @a自动化设备 |
| 690 | @aTP23@v3 | |
| 701 | 0 | @a黎夏@Ali xia@4编 |
| 801 | 0 | @aCN@bPFT@c20070924 |
| 905 | @a213230@dTP23@eZY20@f1 | |
| 地理模拟系统:元胞自动机与多智能体/黎夏 等编.-北京:科学出版社,2007.50 |
| 16开 |
| ISBN 978-7-03-018815-1:¥49.00 |
| ● |
| 相关链接 |
|
|
|
|
正题名:地理模拟系统:元胞自动机与多智能体
索取号:TP23/ZY20
 
预约/预借
| 序号 | 登录号 | 条形码 | 馆藏地/架位号 | 状态 | 备注 |
| 1 | 7901933 | 279019330 | 密集书库-资源管理系/ [索取号:TP23/ZY20] | 在馆 |